Central Library OPAC University of Rajshahi

Leadership in a free society / (Record no. 33573)

MARC details
000 -LEADER
fixed length control field 00889nam a2200277 i 4500
001 - CONTROL NUMBER
control field 33573
003 - CONTROL NUMBER IDENTIFIER
rucl marc code BD-RjUL
005 - DATE AND TIME OF LATEST TRANSACTION
control field 20211209052029.0
008 - FIXED-LENGTH DATA ELEMENTS--GENERAL INFORMATION
fixed length control field 140510r19501936enka 001 0 eng d
035 ## - SYSTEM CONTROL NUMBER
System control number (BD-RjUL)33664
040 ## - CATALOGING SOURCE
Original cataloging agency DLC
Transcribing agency DLC
Modifying agency DLC
-- BD-RjUL
Language of cataloging eng
041 ## - LANGUAGE CODE
Language code of text/sound track or separate title eng
082 00 - DEWEY DECIMAL CLASSIFICATION NUMBER
Classification number 301.55
Author mark and year WHL 1950
100 1# - MAIN ENTRY--PERSONAL NAME
Personal name Whitehead, T. N.
Fuller form of name (Thomas North)
9 (RLIN) 101883
245 10 - TITLE STATEMENT
Title Leadership in a free society /
Statement of responsibility, etc. T. N. Whitehead.
260 ## - PUBLICATION, DISTRIBUTION, ETC. (IMPRINT)
Place of publication, distribution, etc. London :
Name of publisher, distributor, etc. Harvard University Press,
Date of publication, distribution, etc. 1936 [Reprinted 1950]
300 ## - PHYSICAL DESCRIPTION
Pagination xv, 266 p. :
Illustrations ill. ;
Size 23 cm.
500 ## - GENERAL NOTE
General note Reprint of the ed. published by Harvard University Press, Cambridge.
504 ## - BIBLIOGRAPHY, ETC. NOTE
Bibliography, etc Includes index.
650 #0 - SUBJECT ADDED ENTRY--TOPICAL TERM
Topical term or geographic name as entry element Industries.
9 (RLIN) 101885
Topical term or geographic name as entry element Industrial relations.
9 (RLIN) 101886
942 ## - ADDED ENTRY ELEMENTS (KOHA)
Source of classification or shelving scheme Dewey Decimal Classification
Koha item type Books
Holdings
Lost status Source of classification or shelving scheme Damaged status Not for loan Collection code Permanent Location Current Location Shelving location Date acquired Source of acquisition Cost, normal purchase price Total Checkouts Full call number Date last seen Copy number Koha item type
  Dewey Decimal Classification   Not For Loan Non-fiction Central Library, University of Rajshahi Central Library, University of Rajshahi Reading Room 09/08/1955 O. U. P 14.00   301.55 WHL 1950 10/05/2014 C-1 Books